[Event "NRW Class1 1516"]
[Site "Germany"]
[Date "2016.05.08"]
[Round "9.1"]
[White "Kabatianski, Alexander"]
[Black "Haskenhoff, Jan"]
[Result "0-1"]
[WhiteElo "2378"]
[BlackElo "2096"]
[PlyCount "170"]
[EventDate "2015.09.27"]
[EventType "team-tourn"]
[EventRounds "9"]
[EventCountry "GER"]
[SourceTitle "EXT 2017"]
[Source "ChessBase"]
[SourceDate "2016.10.25"]
[SourceVersion "1"]
[SourceVersionDate "2016.10.25"]
[SourceQuality "1"]
[WhiteTeam "Emsdetten Rochade"]
[BlackTeam "Werther"]
[WhiteTeamCountry "GER"]
[BlackTeamCountry "GER"]

1. d4 Nf6 2. c4 g6 3. g3 Bg7 4. Bg2 d5 5. Nf3 dxc4 6. Na3 0-0 7. Nxc4 Nc6 8. b3 Be6 9. Bb2 Bd5 10. Rc1 a5 11. a3 Qc8 12. 0-0 Rd8 13. e3 h6 14. Qc2 Be4 15. Qe2 Qe6 16. Rfd1 Bd5 17. Ne1 Bxg2 18. Nxg2 g5 19. Qc2 Qh3 20. f3 Qh5 21. Rf1 Nd5 22. Qf2 b5 23. Nd2 Qg6 24. Rc5 b4 25. a4 Nc3 26. Ne4 e5 27. Bxc3 bxc3 28. d5 Nb4 29. Rxc3 Nxd5 30. Rc4 Qb6 31. Rb1 f5 32. Nc5 Bf8 33. e4 Bxc5 34. Qxc5 fxe4 35. fxe4 Nb4 36. Ne3 Rd3 37. Nf5 h5 38. Qxb6 cxb6 39. Rc7 g4 40. Rf1 Rf3 41. Nh6+ Kh8 42. Rxf3 gxf3 43. Kf2 Nd3+ 44. Kxf3 Nc5 45. Nf7+ Kg8 46. Nxe5 Nxb3 47. Nd7 b5 48. axb5 Nd4+ 49. Ke3 Nxb5 50. Rc5 Nd6 51. Rd5 Nc8 52. Rd3 a4 53. Ra3 Nd6 54. Kd3 Nb5 55. Ra2 Rd8 56. Kc4 Nd6+ 57. Kd5 Rxd7 58. Ke6 Rd8 59. Ke7 Nf7 60. Rxa4 Rd2 61. Kf6 Rd6+ 62. Kf5 Kg7 63. e5 Rd5 64. Re4 Nd6+ 65. Ke6 Nxe4 66. Kxd5 Ng5 67. e6 Kf6 68. e7 Kxe7 69. Ke5 Kf7 70. Kf5 Nh7 71. h3 Kg7 72. g4 h4 73. g5 Nf8 74. Kg4 Ng6 75. Kh5 Kf7 76. Kh6 Ne7 77. Kh5 Ng6 78. Kh6 Nf4 79. Kh7 Ne6 80. Kh6 Ng7 81. Kh7 Nf5 82. g6+ Kf6 83. g7 Nxg7 84. Kh6 Kf5 85. Kxg7 Kf4 0-1

[Event "NRW Class1 1516"]
[Site "Germany"]
[Date "2015.12.20"]
[Round "4.3"]
[White "Luetke, Jens"]
[Black "Haskenhoff, Jan"]
[Result "1/2-1/2"]
[WhiteElo "2201"]
[BlackElo "2096"]
[PlyCount "168"]
[EventDate "2015.09.27"]
[EventType "team-tourn"]
[EventRounds "9"]
[EventCountry "GER"]
[SourceTitle "EXT 2017"]
[Source "ChessBase"]
[SourceDate "2016.10.25"]
[SourceVersion "1"]
[SourceVersionDate "2016.10.25"]
[SourceQuality "1"]
[WhiteTeam "Kamen"]
[BlackTeam "Werther"]
[WhiteTeamCountry "GER"]
[BlackTeamCountry "GER"]

1. e4 c5 2. Nf3 d6 3. Bb5+ Nc6 4. d4 cxd4 5. Qxd4 Bd7 6. Bxc6 Bxc6 7. Nc3 Nf6 8. Bg5 e6 9. 0-0-0 Be7 10. Rhe1 0-0 11. Kb1 Qc7 12. Qd2 Rfd8 13. Nd4 Rab8 14. f3 b5 15. Nxc6 Qxc6 16. g4 b4 17. Ne2 Qa4 18. h4 Rb5 19. Qd3 Rc8 20. Nd4 Rbc5 21. Re2 R5c7 22. Qb5 Qxb5 23. Nxb5 Rd7 24. e5 Nd5 25. Bxe7 Nxe7 26. Rxd6 Rb7 27. Red2 Nd5 28. R6xd5 exd5 29. Nd6 Rcc7 30. Nxb7 Rxb7 31. Rxd5 Kf8 32. Kc1 Ke7 33. f4 b3 34. axb3 Rb4 35. f5 Rxg4 36. Ra5 Rxh4 37. Rxa7+ Ke8 38. Ra4 Rh2 39. Re4 Rf2 40. f6 g5 41. b4 h5 42. b5 h4 43. b6 Kd7 44. Rd4+ Kc8 45. Rc4+ Kb7 46. Rc7+ Kxb6 47. Rxf7 h3 48. e6 h2 49. Rh7 Rxf6 50. e7 Re6 51. Rxh2 Rxe7 52. Rh6+ Kc5 53. Rg6 Re5 54. Kd2 Kd4 55. Rd6+ Kc5 56. Rd3 Kc4 57. Re3 Rf5 58. Ke2 Kd4 59. Ra3 Rb5 60. Ra4+ Ke5 61. b3 Rc5 62. Kd3 Rd5+ 63. Ke3 Rc5 64. Re4+ Kf5 65. c4 Rc8 66. b4 Rh8 67. b5 Rh1 68. Rd4 Rh3+ 69. Kd2 Rb3 70. Kc2 Rb4 71. Kc3 Rb1 72. Rd8 g4 73. Rg8 Kf4 74. Kd4 g3 75. Kc5 Kf3 76. b6 g2 77. Kc6 g1Q 78. Rxg1 Rxg1 79. c5 Ke4 80. b7 Rb1 81. Kc7 Kd5 82. c6 Kc5 83. Kd7 Rb6 84. c7 Rxb7 1/2-1/2

[Event "NRW Class1 1516"]
[Site "Germany"]
[Date "2015.10.25"]
[Round "2.3"]
[White "Bashilin, Roman"]
[Black "Haskenhoff, Jan"]
[Result "1/2-1/2"]
[WhiteElo "2216"]
[BlackElo "2096"]
[PlyCount "120"]
[EventDate "2015.09.27"]
[EventType "team-tourn"]
[EventRounds "9"]
[EventCountry "GER"]
[SourceTitle "EXT 2017"]
[Source "ChessBase"]
[SourceDate "2016.10.25"]
[SourceVersion "1"]
[SourceVersionDate "2016.10.25"]
[SourceQuality "1"]
[WhiteTeam "Wuppertal Bahn"]
[BlackTeam "Werther"]
[WhiteTeamCountry "GER"]
[BlackTeamCountry "GER"]

1. d4 Nf6 2. Nf3 g6 3. Bf4 Bg7 4. h3 0-0 5. e3 d6 6. Be2 Nbd7 7. 0-0 c5 8. c3 b6 9. Nbd2 Bb7 10. a4 a6 11. Bh2 Qc7 12. Re1 Bc6 13. Bf1 Qb7 14. Qe2 b5 15. e4 cxd4 16. Nxd4 bxa4 17. Nxc6 Qxc6 18. Nc4 Nc5 19. e5 dxe5 20. Nxe5 Qb7 21. g4 Rac8 22. Bg2 Qb6 23. Bf4 Rfd8 24. Be3 Nd5 25. Bxc5 Rxc5 26. Nd3 Rc7 27. Bxd5 Rxd5 28. Nb4 Rd6 29. Rxa4 a5 30. Na2 Rcd7 31. Qe3 Qb5 32. Qe4 Rd1 33. Ra3 Qxb2 34. Rxa5 Bxc3 35. Nxc3 Qxc3 36. Ra8+ Kg7 37. Rxd1 Rxd1+ 38. Kg2 Re1 39. Qd5 Qe5 40. Qxe5+ Rxe5 41. Ra3 h5 42. Kg3 Kh6 43. Rb3 Re2 44. Rb5 f6 45. Ra5 Re5 46. Ra3 Re1 47. Ra5 Rb1 48. Ra7 h4+ 49. Kg2 Re1 50. Ra5 Re5 51. Rxe5 fxe5 52. Kf3 Kg5 53. Ke4 Kf6 54. Kd5 g5 55. f3 e6+ 56. Ke4 Kf7 57. Kxe5 Ke7 58. f4 gxf4 59. Kxf4 Kf6 60. Ke4 Kg7 1/2-1/2

[Event "Werther Schloss op 21st"]
[Site "Werther"]
[Date "2015.03.28"]
[Round "4"]
[White "Groetzbach, Julian"]
[Black "Haskenhoff, Jan"]
[Result "1-0"]
[WhiteElo "2159"]
[BlackElo "2074"]
[PlyCount "117"]
[EventDate "2015.03.26"]
[EventType "swiss"]
[EventRounds "7"]
[EventCountry "GER"]
[SourceTitle "CBM 165 Extra"]
[Source "ChessBase"]
[SourceDate "2015.04.21"]
[SourceVersion "1"]
[SourceVersionDate "2015.04.21"]
[SourceQuality "1"]

1. e4 c5 2. Nf3 d6 3. Bb5+ Nc6 4. 0-0 Bd7 5. Re1 a6 6. Bf1 Nf6 7. h3 g6 8. c3 Bg7 9. d4 0-0 10. Bf4 Qc8 11. d5 Na7 12. a4 b5 13. a5 b4 14. Qc1 bxc3 15. Nxc3 Qb7 16. Ra2 Rab8 17. Qd2 Nb5 18. Na4 Nd4 19. Nb6 Bb5 20. Nxd4 cxd4 21. Bxb5 axb5 22. Bh6 Bxh6 23. Qxh6 Qa7 24. Raa1 b4 25. Qd2 Nd7 26. Nxd7 Qxd7 27. Qxd4 Qb5 28. a6 Ra8 29. a7 Rfc8 30. b3 Rc3 31. Rec1 Rc5 32. Rc4 Rxc4 33. Qxc4 Qxc4 34. bxc4 Kg7 35. Kf1 b3 36. Ke2 Kf6 37. f4 h5 38. Kd3 b2 39. Rb1 Rxa7 40. Rxb2 Ra3+ 41. Kd4 Ra7 42. g4 hxg4 43. hxg4 Kg7 44. e5 Ra6 45. Rb7 Kf8 46. Rb8+ Kg7 47. Rc8 Ra7 48. Rc6 Rd7 49. exd6 exd6 50. c5 dxc5+ 51. Kxc5 Ra7 52. g5 Kf8 53. Kd6 Ra4 54. Rc8+ Kg7 55. Ke5 Ra5 56. Rc4 Kf8 57. Kf6 Ke8 58. Rc8+ Kd7 59. Rf8 1-0

[Event "Werther Schloss op 19th"]
[Site "Werther"]
[Date "2013.03.23"]
[Round "5"]
[White "Haskenhoff, Jan"]
[Black "Weimann, Maximilian"]
[Result "1/2-1/2"]
[WhiteElo "2048"]
[BlackElo "2132"]
[PlyCount "125"]
[EventDate "2013.03.22"]
[EventType "swiss"]
[EventRounds "7"]
[EventCountry "GER"]
[SourceTitle "CBM 153 Extra"]
[Source "ChessBase"]
[SourceDate "2013.04.22"]
[SourceVersion "1"]
[SourceVersionDate "2013.04.22"]
[SourceQuality "1"]

1. e4 c5 2. Nf3 e6 3. d4 cxd4 4. Nxd4 a6 5. Nc3 Qc7 6. Be2 Nc6 7. Be3 b5 8. a3 Bb7 9. f4 Nxd4 10. Qxd4 Ne7 11. 0-0 Nc6 12. Qd3 Be7 13. Rad1 d6 14. Kh1 Rc8 15. Bc1 Na5 16. Qg3 Bf6 17. e5 dxe5 18. Bxb5+ Nc6 19. Ba4 0-0 20. Ne4 Be7 21. fxe5 Qxe5 22. Qxe5 Nxe5 23. Nd6 Bxd6 24. Rxd6 Rc4 25. Bb3 Rg4 26. Rf2 Re4 27. Rd1 Ng4 28. Rfd2 h5 29. h3 Ne5 30. Rf2 Rc8 31. c3 Nc4 32. Bc2 Re5 33. b3 Ne3 34. Re1 Rxc3 35. Bb2 Nxg2 36. Rxe5 Rxh3+ 37. Kg1 Ne3 38. Be4 Rg3+ 39. Kh2 h4 40. Rf4 Bxe4 41. Rexe4 g5 42. Rxe3 Rxe3 43. Rg4 Rxb3 44. Rxg5+ Kf8 45. Bg7+ Ke7 46. Ra5 Rb6 47. Kh3 Kd6 48. Bd4 Rc6 49. Be5+ Ke7 50. Kxh4 f6 51. Bg3 Rb6 52. Bf2 Rc6 53. Bc5+ Kd7 54. Kh5 e5 55. Kg4 Ke6 56. Be3 Rc4+ 57. Kf3 Rc6 58. Bd2 Kf5 59. Ra4 Rd6 60. Ke3 Ke6 61. Bc3 Rc6 62. Bd2 Kd5 63. Ra5+ 1/2-1/2

[Event "Werther Schloss op-A 16th"]
[Site "Werther"]
[Date "2010.03.27"]
[Round "4"]
[White "Haskenhoff, Jan"]
[Black "Schuh, Dirk"]
[Result "0-1"]
[WhiteElo "2080"]
[BlackElo "2291"]
[PlyCount "76"]
[EventDate "2010.03.25"]
[EventType "swiss"]
[EventRounds "5"]
[EventCountry "GER"]
[SourceTitle "CBM 135 Extra"]
[Source "ChessBase"]
[SourceDate "2010.05.04"]
[SourceVersion "1"]
[SourceVersionDate "2010.05.04"]
[SourceQuality "1"]

1. e4 e6 2. d4 d5 3. Nc3 Nf6 4. Bg5 Bb4 5. e5 h6 6. Bd2 Bxc3 7. bxc3 Ne4 8. Qg4 Kf8 9. Bd3 Nxd2 10. Kxd2 c5 11. h4 Nc6 12. Rh3 c4 13. Be2 b5 14. Rg3 Rg8 15. Nh3 Ne7 16. Rf3 Nf5 17. Nf4 a5 18. a3 Bd7 19. Rb1 Qe7 20. Rh3 Qxa3 21. Qf3 b4 22. g4 bxc3+ 23. Qxc3 Qxc3+ 24. Kxc3 Ne7 25. Rb7 Ke8 26. Nh5 Bc6 27. Rb6 Kd7 28. Rf3 Kc7 29. Rxc6+ Nxc6 30. Rxf7+ Kb6 31. Rxg7 Rxg7 32. Nxg7 Rf8 33. g5 hxg5 34. hxg5 Rxf2 35. Bh5 Rh2 36. Be8 Rh3+ 37. Kd2 Nxd4 38. g6 c3+ 0-1